Gestión de la calidad en zanahoria
Guardado en:
| Autor Principal: | |
|---|---|
| Autor Corporativo: | |
| Formato: | Electrónico |
| Publicado: |
Balcarce :
Ediciones INTA,
2011.
|
| Materias: | |
| Acceso en línea: | Acceso a texto completo |
| Etiquetas: |
Agregar Etiqueta
Sin Etiquetas, Sea el primero en etiquetar este registro!
|
| LEADER | 00690nmm a22001455a 4500 | ||
|---|---|---|---|
| 001 | EEA.libagro009593 | ||
| 008 | 140416s2011####ag###################d | ||
| 005 | 20200423130825.0 | ||
| 245 | 1 | 0 | |a Gestión de la calidad en zanahoria |h [recurso electrónico] / |c Andrés López Camelo. |
| 260 | |a Balcarce : |b Ediciones INTA, |c 2011. | ||
| 538 | |a Modo de acceso: World Wide Web. | ||
| 100 | 1 | |a López Camelo, Andrés. | |
| 710 | 2 | |a Instituto Nacional de Tecnología Agropecuaria (Argentina). |b Estación Experimental Agropecuaria Balcarce. | |
| 655 | 7 | |a Libros electrónicos. | |
| 856 | 4 | 0 | |3 Acceso a texto completo |u http://inta.gob.ar/sites/default/files/script-tmp-gestion%5Fde%5Fla%5Fcalidad%5Fde%5Fla%5Fzanahoria%5Ffinal.pdf |
